LEADER 01303nam a2200289 i 4500 001 991001704439707536 008 050803s2003 nyua bf 001 0 eng d 020 $a047139128X 035 $ab13414069-39ule_inst 040 $aDip.to Ingegneria dell'Innovazione$beng 082 0 $a572.8$221 100 1 $aSaccone, Cecilia$0623770 245 10$aHandbook of comparative genomics :$bprinciples and methodology /$cCecilia Saccone, Graziano Pesole 260 $aNew York :$bWiley-Liss,$cc2003 300 $axiv, 427 p. :$bill. ;$c26 cm 504 $aIncludes bibliographical references and index 650 4$aGenomics$vHandbooks, manuals, etc. 650 4$aEvolutionary genetics$vHandbooks, manuals, etc. 650 4$aSequence Analysis, DNA 700 1 $aPesole, Graziano$eauthor$4http://id.loc.gov/vocabulary/relators/aut$0286145 856 41$3Table of contents$uhttp://www.loc.gov/catdir/toc/wiley031/2002011158.html$zTable of Contents 907 $a.b13414069$b12-10-12$c20-06-06 912 $a991001704439707536 945 $aLE026 572.8 SAC 01.01 2003$g1$i2026000028279$lle026$nProf. Aloisio / Biblioteca$op$pE84.47$q-$rl$s- $t4$u1$v1$w1$x0$y.i1425797x$z26-06-06 996 $aHandbook of comparative genomics$91462206 997 $aUNISALENTO 998 $ale026$b03-08-05$cm$da $e-$feng$gnyu$h0$i0 LEADER 01787nam 22004573 450 001 9910157575303321 005 20250827080354.0 010 $a9781787201064 010 $a1787201066 035 $a(CKB)3710000001001772 035 $a(BIP)058039617 035 $a(VLeBooks)9781787201064 035 $a(Perlego)3023040 035 $a(MiAaPQ)EBC32211551 035 $a(Au-PeEL)EBL32211551 035 $a(Exl-AI)993710000001001772 035 $a(OCoLC)973005544 035 $a(EXLCZ)993710000001001772 100 $a20250827d2016 uy 0 101 0 $aeng 135 $aurcnu|||||||| 181 $ctxt$2rdacontent 182 $cc$2rdamedia 183 $acr$2rdacarrier 200 10$aAlexander the Great and His Time $e[Second Edition] 205 $a1st ed. 210 1$aWaipu :$cPickle Partners Publishing,$d2016. 210 4$dİ2016. 215 $a1 online resource (283 p.) 330 8 $aThis is a full study of the work and personality, the successes and failures of Alexander of Macedon as set forth by historians of his own and succeeding centuries. Unique features in this romantic, adventurous story are the chapters on the dismemberment of the empire, the after-results, and the very contradictory estimates drawn by numerous historians. The chapters on Alexander's character, his background, his education, and his time explain certain little-known aspects of his achievement and his purpose in life. 606 $aConquerors$vBiography$7Generated by AI 607 $aMacedonia$7Generated by AI 615 0$aConquerors 700 $aSavill$b Agnes$01843585 801 0$bMiAaPQ 801 1$bMiAaPQ 801 2$bMiAaPQ 906 $aBOOK 912 $a9910157575303321 996 $aAlexander the Great and His Time$94425135 997 $aUNINA